[Event "Amager-ch"]
[Site "Amager"]
[Date "2010.09.06"]
[Round "3"]
[White "Madsen, Poul Henrik"]
[Black "Petersen, Nils"]
[Result "1-0"]
[WhiteElo "2095"]
[BlackElo "2039"]
[PlyCount "111"]
[EventDate "2010.08.24"]
[EventType "swiss"]
[EventRounds "7"]
[EventCountry "DEN"]
[SourceTitle "EXT 2023"]
[Source "ChessBase"]
[SourceDate "2022.10.05"]
[SourceVersion "1"]
[SourceVersionDate "2022.10.05"]
[SourceQuality "1"]

1. d4 Nf6 2. Nf3 e6 3. e3 c5 4. Bd3 Nc6 5. 0-0 d5 6. b3 Be7 7. Nbd2 cxd4 8. exd4 0-0 9. Bb2 b6 10. a3 Bb7 11. Re1 Nd7 12. Re3 Bf6 13. Ne5 g6 14. f4 Bg7 15. Qg4 Re8 16. Ndf3 f5 17. Nxc6 Bxc6 18. Qh3 Nf6 19. Ng5 Bd7 20. Rae1 Qc8 21. c4 h6 22. Nf3 Ne4 23. Ne5 Bxe5 24. fxe5 h5 25. Bxe4 dxe4 26. Rg3 Kh7 27. Bc1 Rg8 28. Rg5 Be8 29. g4 Bf7 30. Qe3 Qf8 31. h3 Rg7 32. Re2 hxg4 33. hxg4 Kg8 34. gxf5 exf5 35. d5 Qc5 36. e6 Be8 37. Bb2 Qxe3+ 38. Rxe3 Rd8 39. Bf6 Rd6 40. Be5 Rd8 41. d6 Bc6 42. d7 Bxd7 43. Bxg7 Kxg7 44. exd7 Rxd7 45. Reg3 Kf6 46. Rxg6+ Ke5 47. Rg7 Rd1+ 48. Kf2 Kf4 49. Ke2 Ra1 50. b4 Ra2+ 51. Kd1 e3 52. c5 bxc5 53. bxc5 Rxa3 54. c6 Rc3 55. c7 a5 56. Rxe3 1-0

[Event "Amager Spring A"]
[Site "Amager"]
[Date "2010.06.01"]
[Round "4"]
[White "Moller, Arne Vagn"]
[Black "Madsen, Poul Henrik"]
[Result "0-1"]
[WhiteElo "1809"]
[BlackElo "2087"]
[PlyCount "48"]
[EventDate "2010.05.11"]
[EventType "tourn"]
[EventRounds "5"]
[EventCountry "DEN"]
[SourceTitle "EXT 2023"]
[Source "ChessBase"]
[SourceDate "2022.10.05"]
[SourceVersion "1"]
[SourceVersionDate "2022.10.05"]
[SourceQuality "1"]

1. e4 g6 2. d4 Bg7 3. Nf3 d6 4. c4 Nf6 5. Nc3 0-0 6. Be2 e5 7. d5 Nbd7 8. 0-0 Nc5 9. Nd2 a5 10. f3 Nh5 11. Nb3 Nf4 12. Nxc5 dxc5 13. Be3 Qg5 14. Bxf4 exf4 15. Kh1 Bd7 16. Bd3 Bd4 17. Qc2 Rfe8 18. Rae1 Re5 19. Nb5 Qg3 20. Nxd4 Rh5 21. h3 Bxh3 22. Kg1 cxd4 23. c5 Re8 24. Rf2 Bxg2 0-1

[Event "Amager Spring A"]
[Site "Amager"]
[Date "2010.05.25"]
[Round "3"]
[White "Madsen, Poul Henrik"]
[Black "Sorensen, Dick"]
[Result "1/2-1/2"]
[WhiteElo "2087"]
[BlackElo "1800"]
[PlyCount "63"]
[EventDate "2010.05.11"]
[EventType "tourn"]
[EventRounds "5"]
[EventCountry "DEN"]
[SourceTitle "EXT 2023"]
[Source "ChessBase"]
[SourceDate "2022.10.05"]
[SourceVersion "1"]
[SourceVersionDate "2022.10.05"]
[SourceQuality "1"]

1. b4 e5 2. Bb2 d6 3. c4 Be6 4. e3 c6 5. d4 exd4 6. exd4 d5 7. c5 Nf6 8. Bd3 g6 9. Nf3 Bg7 10. 0-0 0-0 11. Ng5 a5 12. bxa5 Rxa5 13. Nxe6 fxe6 14. Nd2 Nh5 15. Nf3 Nd7 16. Bc3 Ra8 17. Rb1 Rb8 18. Rb3 Nf4 19. Re1 Qf6 20. Bf1 Nh3+ 21. gxh3 Qxf3 22. Qxf3 Rxf3 23. Be2 Rf6 24. Reb1 Rbf8 25. Be1 Rf4 26. Rxb7 Nf6 27. Re7 Ne4 28. Bg4 Bxd4 29. Bxe6+ Kh8 30. Rbb7 Ng5 31. Bg4 h5 32. Be6 1/2-1/2

[Event "Amager Spring A"]
[Site "Amager"]
[Date "2010.05.18"]
[Round "2"]
[White "Lunding, Peter M"]
[Black "Madsen, Poul Henrik"]
[Result "0-1"]
[WhiteElo "1916"]
[BlackElo "2087"]
[PlyCount "68"]
[EventDate "2010.05.11"]
[EventType "tourn"]
[EventRounds "5"]
[EventCountry "DEN"]
[SourceTitle "EXT 2023"]
[Source "ChessBase"]
[SourceDate "2022.10.05"]
[SourceVersion "1"]
[SourceVersionDate "2022.10.05"]
[SourceQuality "1"]

1. d4 Nf6 2. Nf3 e6 3. Bg5 Be7 4. e3 h6 5. Bh4 b6 6. Bd3 Bb7 7. 0-0 0-0 8. Nbd2 c5 9. c3 Nc6 10. Qe2 cxd4 11. exd4 Nh5 12. Bxe7 Qxe7 13. g3 Nf6 14. Rae1 Rac8 15. Nh4 d6 16. f4 Rfe8 17. h3 Qd8 18. Qf2 Rc7 19. Re2 e5 20. Nf5 exd4 21. Rxe8+ Nxe8 22. Nxd4 Nxd4 23. Qxd4 Qd7 24. g4 Nf6 25. Be2 h5 26. f5 hxg4 27. hxg4 Qe7 28. Bf3 Qe5 29. Qxe5 dxe5 30. Bxb7 Rxb7 31. g5 Rd7 32. Nf3 Ng4 33. f6 Rd3 34. fxg7 Kxg7 0-1

[Event "Amager CC-ch"]
[Site "Amager"]
[Date "2010.01.25"]
[Round "2"]
[White "Hansen, Benny"]
[Black "Madsen, Poul Henrik"]
[Result "0-1"]
[WhiteElo "1290"]
[BlackElo "2030"]
[PlyCount "92"]
[EventDate "2010.01.19"]
[EventType "swiss"]
[EventRounds "7"]
[EventCountry "DEN"]
[SourceTitle "EXT 2023"]
[Source "ChessBase"]
[SourceDate "2022.10.05"]
[SourceVersion "1"]
[SourceVersionDate "2022.10.05"]
[SourceQuality "1"]

1. e4 d6 2. d4 Nf6 3. Nd2 g6 4. Ngf3 Bg7 5. Be2 0-0 6. c3 Nh5 7. Nb3 Nc6 8. Be3 a5 9. a4 Qe8 10. Ng5 Nf6 11. Qc2 e5 12. h3 h6 13. Nf3 exd4 14. Nfxd4 Nxd4 15. Nxd4 Qxe4 16. Bf3 Qe7 17. 0-0-0 c6 18. g4 Nd7 19. Be2 Nc5 20. Bf3 Be6 21. Nxe6 Qxe6 22. Bxc5 dxc5 23. Rhe1 Qf6 24. Be4 Rab8 25. f3 b5 26. Re3 b4 27. c4 Qf4 28. Qd2 Rfd8 29. Rd3 Qxd2+ 30. R1xd2 Rdc8 31. Rd6 Bh8 32. Kc2 Bf6 33. Kc1 Bg5 34. Kd1 Bxd2 35. Rxd2 Rd8 36. Rxd8+ Rxd8+ 37. Ke2 Rd6 38. b3 Kg7 39. h4 g5 40. h5 Kf6 41. Bd3 Ke5 42. Ke3 Rd4 43. Ke2 Kf4 44. Be4 Rxe4+ 45. fxe4 Kxe4 46. Kf2 Kf4 0-1

[Event "Amager-ch"]
[Site "Amager"]
[Date "2009.10.27"]
[Round "7"]
[White "Petersen, Nils"]
[Black "Madsen, Poul Henrik"]
[Result "1-0"]
[WhiteElo "1845"]
[BlackElo "2015"]
[PlyCount "120"]
[EventDate "2009.09.01"]
[EventType "swiss"]
[EventRounds "7"]
[EventCountry "DEN"]
[SourceTitle "EXT 2023"]
[Source "ChessBase"]
[SourceDate "2022.10.05"]
[SourceVersion "1"]
[SourceVersionDate "2022.10.05"]
[SourceQuality "1"]

1. c4 g6 2. e4 Bg7 3. d4 d6 4. Nc3 Nd7 5. Nf3 c5 6. Be3 Qb6 7. Qd2 Ngf6 8. h3 0-0 9. Be2 cxd4 10. Bxd4 Qc6 11. Qc2 Nc5 12. Nd5 Re8 13. Bd3 e5 14. Bxc5 dxc5 15. 0-0 Bd7 16. Rfd1 Qd6 17. Nd2 Nxd5 18. cxd5 b5 19. b3 Rf8 20. g4 h5 21. f3 Bh6 22. Nf1 Bf4 23. Qf2 Kg7 24. Kg2 Rh8 25. Ng3 hxg4 26. hxg4 a5 27. Rh1 Rxh1 28. Rxh1 a4 29. Rb1 axb3 30. axb3 Ra3 31. Qc2 Be3 32. Ne2 Qf6 33. Rf1 Ra8 34. Ng3 Ra3 35. Ne2 Qa6 36. Rb1 Qa5 37. Qc3 Qc7 38. Qb2 b4 39. Ra1 Rxa1 40. Qxa1 Qd6 41. Qa6 Qe7 42. Qa2 Qf6 43. Ng3 Bd4 44. Qd2 Qh4 45. Nf1 Bc3 46. Qf2 Qe7 47. Qe3 Qf8 48. Ng3 Bd4 49. Qg5 Kh7 50. Qf6 Qg7 51. Qe7 f6 52. Qd6 Qf7 53. Ne2 Be3 54. Kg3 Bg5 55. f4 exf4+ 56. Nxf4 Qe8 57. Ne6 Bxe6 58. dxe6 f5 59. exf5 gxf5 60. Bxf5+ Qg6 1-0

[Event "Amager-ch"]
[Site "Amager"]
[Date "2009.10.13"]
[Round "6"]
[White "Jensen, Thore Nyboe"]
[Black "Madsen, Poul Henrik"]
[Result "1-0"]
[WhiteElo "1989"]
[BlackElo "2015"]
[PlyCount "67"]
[EventDate "2009.09.01"]
[EventType "swiss"]
[EventRounds "7"]
[EventCountry "DEN"]
[SourceTitle "EXT 2023"]
[Source "ChessBase"]
[SourceDate "2022.10.05"]
[SourceVersion "1"]
[SourceVersionDate "2022.10.05"]
[SourceQuality "1"]

1. e4 c6 2. d4 d5 3. Nc3 dxe4 4. Nxe4 Nf6 5. Nxf6+ exf6 6. Bc4 Bd6 7. Qe2+ Qe7 8. Qxe7+ Kxe7 9. Ne2 Be6 10. Bd3 Re8 11. c4 Nd7 12. 0-0 a6 13. Nc3 Bb4 14. d5 Ne5 15. Be2 Bf5 16. Be3 Kf8 17. dxc6 bxc6 18. Na4 Rad8 19. Nc5 Bg4 20. Bxg4 Nxg4 21. Nxa6 Nxe3 22. fxe3 Bd2 23. Rf3 Bxe3+ 24. Kf1 Bd4 25. Rb1 Be5 26. g3 Rd2 27. Rf2 Red8 28. b4 Rxf2+ 29. Kxf2 Rd2+ 30. Kg1 Rxa2 31. b5 cxb5 32. cxb5 h5 33. Nb4 Ke8 34. Nxa2 1-0

[Event "Borup op 4th"]
[Site "Borup"]
[Date "2009.09.10"]
[Round "5"]
[White "Knudsen, Jes West"]
[Black "Madsen, Poul Henrik"]
[Result "0-1"]
[WhiteElo "1997"]
[BlackElo "2075"]
[PlyCount "58"]
[EventDate "2009.09.04"]
[EventType "swiss"]
[EventRounds "9"]
[EventCountry "DEN"]
[SourceTitle "CBM 132 Extra"]
[Source "ChessBase"]
[SourceDate "2009.11.03"]
[SourceVersion "1"]
[SourceVersionDate "2009.11.03"]
[SourceQuality "1"]

1. e4 d6 2. d4 Nf6 3. Nc3 g6 4. f4 Bg7 5. Be2 c5 6. dxc5 Qa5 7. Qd3 Qxc5 8. Be3 Qa5 9. Bd2 Nc6 10. Nd5 Qd8 11. Bc3 e5 12. 0-0-0 0-0 13. Nf3 Nxd5 14. exd5 Bf5 15. Qd2 Bh6 16. g3 Ne7 17. Ng5 Bxg5 18. fxg5 Be4 19. Rhf1 Nxd5 20. Ba5 b6 21. Bf3 Bxf3 22. Rxf3 bxa5 23. Qxd5 Qxg5+ 24. Kb1 Rab8 25. Qxa5 Qg4 26. Rfd3 e4 27. Rxd6 e3 28. Re1 Rfe8 29. Qxa7 Qb4 0-1

[Event "Borup op 4th"]
[Site "Borup"]
[Date "2009.09.05"]
[Round "2"]
[White "Madsen, Poul Henrik"]
[Black "Molvig, Henrik"]
[Result "1/2-1/2"]
[WhiteElo "2075"]
[BlackElo "2171"]
[PlyCount "70"]
[EventDate "2009.09.04"]
[EventType "swiss"]
[EventRounds "9"]
[EventCountry "DEN"]
[SourceTitle "CBM 132 Extra"]
[Source "ChessBase"]
[SourceDate "2009.11.03"]
[SourceVersion "1"]
[SourceVersionDate "2009.11.03"]
[SourceQuality "1"]

1. d4 Nf6 2. Nf3 g6 3. Bf4 Bg7 4. e3 d6 5. h3 0-0 6. Be2 c5 7. c3 b6 8. 0-0 Bb7 9. Nbd2 Nbd7 10. Bh2 a6 11. Qc2 Rc8 12. Rac1 Rc7 13. Qb1 Qa8 14. c4 cxd4 15. exd4 Ne4 16. d5 Nxd2 17. Nxd2 Rfc8 18. b3 b5 19. Bf4 bxc4 20. bxc4 Rb8 21. Qd3 Nc5 22. Qe3 Bc8 23. Bh6 Bh8 24. f4 Qa7 25. Kh1 Bf6 26. f5 Bxf5 27. g4 Nd3 28. Qxa7 Rxa7 29. gxf5 Nxc1 30. Rxc1 gxf5 31. Nb3 Rc7 32. Rg1+ Kh8 33. Bf4 Rb4 34. Rg2 Rd7 35. Bd2 Ra4 1/2-1/2

[Event "Copenhagen Challenge"]
[Site "Ballerup"]
[Date "2009.05.06"]
[Round "1"]
[White "Madsen, Poul Henrik"]
[Black "Bekker Jensen, Simon"]
[Result "0-1"]
[WhiteElo "2074"]
[BlackElo "2411"]
[PlyCount "118"]
[EventDate "2009.05.06"]
[EventType "swiss"]
[EventRounds "9"]
[EventCountry "DEN"]
[SourceTitle "CBM 130 Extra"]
[Source "ChessBase"]
[SourceDate "2009.07.02"]
[SourceVersion "2"]
[SourceVersionDate "2009.07.15"]
[SourceQuality "1"]

1. d4 Nf6 2. Nf3 g6 3. Bf4 Bg7 4. e3 0-0 5. Be2 d6 6. h3 Nbd7 7. 0-0 Qe8 8. c4 e5 9. Bh2 Ne4 10. Nc3 Nxc3 11. bxc3 Qe7 12. Qb3 Kh8 13. Rad1 f5 14. Qa3 g5 15. dxe5 Nxe5 16. Nxe5 Bxe5 17. Bxe5+ Qxe5 18. Rd5 Qe6 19. Ra5 b6 20. Rxa7 Bb7 21. Rxa8 Rxa8 22. Qb2 Qe5 23. Qd2 Ra3 24. Rc1 Be4 25. Bf3 Bxf3 26. gxf3 Kg8 27. Rb1 Qe6 28. Rb5 Qxc4 29. Rxf5 h6 30. f4 Rxa2 31. Qd4 Qxd4 32. cxd4 gxf4 33. Rxf4 b5 34. Rf5 c6 35. Rf6 c5 36. Rxd6 c4 37. Rc6 Ra1+ 38. Kg2 Rc1 39. Kf3 b4 40. Ke4 b3 41. Rb6 Rc2 42. d5 Rd2 43. Rb8+ Kf7 44. Rb7+ Kg6 45. Rb6+ Kh5 46. d6 b2 47. Ke5 c3 48. Ke6 Rxf2 49. d7 Rd2 50. Rb5+ Kg6 51. Ke7 Rxd7+ 52. Kxd7 c2 53. Rb6+ Kf5 54. Rb5+ Ke4 55. Rxb2 c1Q 56. Rb4+ Kxe3 57. Rb6 Qc3 58. Ke6 Kf4 59. Kf7 Qc7+ 0-1

[Event "Roskilde 100 years"]
[Site "Roskilde"]
[Date "2008.10.17"]
[Round "8"]
[White "Lauridsen, Jesper Morch"]
[Black "Madsen, Poul Henrik"]
[Result "1-0"]
[WhiteElo "2279"]
[BlackElo "2039"]
[PlyCount "76"]
[EventDate "2008.10.11"]
[EventType "swiss"]
[EventRounds "9"]
[EventCountry "DEN"]
[SourceTitle "EXT 2018"]
[Source "ChessBase"]
[SourceDate "2017.10.13"]
[SourceVersion "1"]
[SourceVersionDate "2017.10.13"]
[SourceQuality "1"]

1. e4 c6 2. d4 d5 3. exd5 cxd5 4. c4 Nf6 5. Nc3 e6 6. Nf3 Be7 7. cxd5 Nxd5 8. Bc4 Nf6 9. 0-0 0-0 10. Re1 Nc6 11. a3 b6 12. Bg5 Bb7 13. Rc1 Rc8 14. Ba2 Nd5 15. Bxd5 Bxg5 16. Nxg5 Qxg5 17. Bf3 Rfd8 18. Ne2 e5 19. d5 Ne7 20. Rxc8 Nxc8 21. Nc3 Nd6 22. Qe2 Re8 23. g3 f5 24. Bg2 e4 25. h4 Qf6 26. Qh5 g6 27. Qe2 h6 28. Qd2 h5 29. Qf4 Kg7 30. Bf1 Qe5 31. Qd2 Rf8 32. Ne2 Nc4 33. Qb4 Rc8 34. Nf4 Qd6 35. Qa4 Ne5 36. Qxa7 Qd7 37. Rd1 Rc2 38. Qxb6 Nf3+ 1-0

[Event "Valby K41 op 0708"]
[Site "Valby"]
[Date "2007.11.27"]
[Round "2"]
[White "Marshall, Michael"]
[Black "Madsen, Poul Henrik"]
[Result "0-1"]
[WhiteElo "1966"]
[BlackElo "2137"]
[PlyCount "108"]
[EventDate "2007.11.13"]
[EventType "swiss"]
[EventRounds "9"]
[EventCountry "DEN"]
[SourceTitle "EXT 2018"]
[Source "ChessBase"]
[SourceDate "2017.10.13"]
[SourceVersion "1"]
[SourceVersionDate "2017.10.13"]
[SourceQuality "1"]

1. d4 d5 2. Nf3 c6 3. e3 Bg4 4. c4 e6 5. Qb3 Qc7 6. Ne5 Bh5 7. Nc3 f6 8. Nf3 Be7 9. Bd2 Nd7 10. Rc1 Bf7 11. cxd5 exd5 12. Bd3 Qb6 13. 0-0 Qxb3 14. axb3 g6 15. Na4 f5 16. Nc5 Nxc5 17. dxc5 Nf6 18. Bc3 0-0 19. Bd4 Ne4 20. Rfd1 Be6 21. b4 a6 22. Nd2 Nxd2 23. Rxd2 Bd7 24. Ra1 Rae8 25. f4 Bf6 26. Kf2 Kf7 27. g3 g5 28. Bxf6 Kxf6 29. Re1 Rg8 30. Rdd1 Rg6 31. Bc2 Reg8 32. Rg1 Rh6 33. Rh1 Be6 34. Rd4 Rh3 35. fxg5+ Rxg5 36. Kg2 Rh6 37. h4 Rg7 38. Kf2 Ke5 39. Rf4 Rg4 40. Rxg4 fxg4 41. Ke2 Rh5 42. Rf1 Bf5 43. Bxf5 Rxf5 44. Rxf5+ Kxf5 45. Kd3 Ke5 46. b3 h5 47. Kd2 Ke4 48. Ke2 d4 49. exd4 Kxd4 50. Kd2 a5 51. bxa5 Kxc5 52. Kc3 Kb5 53. b4 c5 54. bxc5 Kxc5 0-1

[Event "Valby K41 op 0607"]
[Site "Valby"]
[Date "2007.02.20"]
[Round "9"]
[White "Mikkelsen, Nikolaj"]
[Black "Madsen, Poul Henrik"]
[Result "1-0"]
[WhiteElo "2281"]
[BlackElo "2095"]
[PlyCount "49"]
[EventDate "2006.11.14"]
[EventType "swiss"]
[EventRounds "9"]
[EventCountry "DEN"]
[SourceTitle "EXT 2018"]
[Source "ChessBase"]
[SourceDate "2017.10.13"]
[SourceVersion "1"]
[SourceVersionDate "2017.10.13"]
[SourceQuality "1"]

1. e4 e5 2. Nf3 d6 3. d4 exd4 4. Nxd4 Nc6 5. Nc3 Be7 6. Be3 Nf6 7. f3 0-0 8. Qd2 a5 9. 0-0-0 Nxd4 10. Bxd4 c6 11. Qf2 b5 12. e5 dxe5 13. Bxe5 Nd7 14. Qg3 f6 15. Bc7 Qe8 16. a4 Bb4 17. f4 Ra7 18. Bd6 Bxd6 19. Rxd6 b4 20. Bc4+ Kh8 21. Re1 Qh5 22. Re7 g6 23. Ne4 Nc5 24. Nxf6 Rxf6 25. Rd8+ 1-0

[Event "Valby K41 op 0607"]
[Site "Valby"]
[Date "2007.01.09"]
[Round "5"]
[White "Jorgensen, Kasper Moller"]
[Black "Madsen, Poul Henrik"]
[Result "0-1"]
[WhiteElo "1930"]
[BlackElo "2095"]
[PlyCount "48"]
[EventDate "2006.11.14"]
[EventType "swiss"]
[EventRounds "9"]
[EventCountry "DEN"]
[SourceTitle "EXT 2018"]
[Source "ChessBase"]
[SourceDate "2017.10.13"]
[SourceVersion "1"]
[SourceVersionDate "2017.10.13"]
[SourceQuality "1"]

1. e4 c6 2. Nc3 d5 3. Nf3 Nf6 4. e5 Ne4 5. d4 Bg4 6. Qd3 Qa5 7. Bd2 Nxd2 8. Nxd2 e6 9. Qg3 Bf5 10. Nb3 Qc7 11. 0-0-0 a5 12. a4 b5 13. axb5 a4 14. Nc5 a3 15. Bd3 Bxc5 16. dxc5 axb2+ 17. Kd2 0-0 18. b6 Qe7 19. Qe3 Nd7 20. Bxf5 exf5 21. Rhe1 Nxe5 22. Rb1 d4 23. Qf3 dxc3+ 24. Kxc3 Ra3+ 0-1

[Event "Copenhagen-ch"]
[Site "Copenhagen"]
[Date "2007.??.??"]
[Round "9"]
[White "Christensen, Bo Garner"]
[Black "Madsen, Poul Henrik"]
[Result "0-1"]
[WhiteElo "2246"]
[BlackElo "2137"]
[PlyCount "104"]
[EventDate "2007.10.13"]
[EventType "swiss"]
[EventRounds "9"]
[EventCountry "DEN"]
[SourceTitle "EXT 2018"]
[Source "ChessBase"]
[SourceDate "2017.10.13"]
[SourceVersion "1"]
[SourceVersionDate "2017.10.13"]
[SourceQuality "1"]

1. e4 a6 2. c4 c5 3. Nf3 Nc6 4. Nc3 e5 5. Be2 d6 6. 0-0 f5 7. d3 Be7 8. a3 Nf6 9. b4 b6 10. Rb1 0-0 11. Qc2 f4 12. Nd5 Bg4 13. Bb2 Bxf3 14. Bxf3 Ra7 15. bxc5 bxc5 16. Bc3 Kh8 17. Rb2 g5 18. Rfb1 g4 19. Bd1 f3 20. Rb7 Rxb7 21. Rxb7 Nxd5 22. cxd5 Nd4 23. Bxd4 exd4 24. Qa4 fxg2 25. Bxg4 Bh4 26. Qd7 Qxd7 27. Rxd7 Rxf2 28. Bf5 c4 29. dxc4 Kg8 30. Rxh7 Rf4 31. Rb7 d3 32. Kxg2 d2 33. Rb1 Kf7 34. Rd1 Be1 35. a4 Kf6 36. a5 Ke5 37. h4 Rxh4 38. Kf3 Kd4 39. Rb1 Rh2 40. Bc8 Rf2+ 41. Kg4 Kc3 42. Bd7 Kxc4 43. Ba4 Kd4 44. Rb6 Ke5 45. Bc2 Rf4+ 46. Kh3 Rxe4 47. Rxa6 Rc4 48. Bd1 Rc1 49. Bh5 d1Q 50. Bxd1 Rxd1 51. Ra8 Kxd5 52. a6 Bf2 0-1

[Event "Copenhagen-ch"]
[Site "Copenhagen"]
[Date "2007.??.??"]
[Round "8"]
[White "Madsen, Poul Henrik"]
[Black "Akdag, Dara Sevkan"]
[Result "1-0"]
[WhiteElo "2137"]
[BlackElo "2042"]
[PlyCount "107"]
[EventDate "2007.10.13"]
[EventType "swiss"]
[EventRounds "9"]
[EventCountry "DEN"]
[SourceTitle "EXT 2018"]
[Source "ChessBase"]
[SourceDate "2017.10.13"]
[SourceVersion "1"]
[SourceVersionDate "2017.10.13"]
[SourceQuality "1"]

1. d4 Nf6 2. Nf3 c5 3. e3 e6 4. Bd3 d5 5. c3 b6 6. Ne5 g6 7. Nd2 Bg7 8. g4 0-0 9. h4 Nfd7 10. Nxd7 Nxd7 11. f4 Qe8 12. Nf3 e5 13. Nxe5 Nxe5 14. dxe5 f6 15. exf6 Bxf6 16. Qf3 Bb7 17. g5 Be5 18. 0-0 Qe7 19. Bd2 Rae8 20. Rae1 c4 21. Bc2 Qc5 22. Kh2 Rf7 23. h5 Re6 24. Qh3 Bb8 25. Qxe6 Bc8 26. Qe8+ Rf8 27. Qa4 d4 28. Qxc4+ Qxc4 29. Bb3 Qxb3 30. axb3 dxe3 31. Bxe3 Rf5 32. Rd1 Bc7 33. hxg6 hxg6 34. c4 Rxg5 35. Rd8+ Bxd8 36. fxg5 Bf5 37. Kg3 Kf7 38. Ra1 a5 39. Kh4 Bc7 40. b4 Be5 41. bxa5 bxa5 42. Ra2 a4 43. Rxa4 Bxb2 44. Ra6 Be5 45. c5 Ke7 46. Bf2 Kd7 47. Bg3 Bd4 48. Rd6+ Kc7 49. Rxd4+ Kc6 50. Bd6 Be6 51. Kg3 Bd5 52. Kf4 Bg2 53. Ke5 Bf1 54. Kf6 1-0

[Event "Copenhagen-ch"]
[Site "Copenhagen"]
[Date "2007.??.??"]
[Round "3"]
[White "Madsen, Poul Henrik"]
[Black "Skovgaard, Peter Nicolai"]
[Result "1/2-1/2"]
[WhiteElo "2137"]
[BlackElo "2253"]
[PlyCount "128"]
[EventDate "2007.10.13"]
[EventType "swiss"]
[EventRounds "9"]
[EventCountry "DEN"]
[SourceTitle "EXT 2018"]
[Source "ChessBase"]
[SourceDate "2017.10.13"]
[SourceVersion "1"]
[SourceVersionDate "2017.10.13"]
[SourceQuality "1"]

1. d4 Nf6 2. Nf3 e6 3. Nbd2 c5 4. e3 b6 5. c3 Bb7 6. Bd3 d5 7. Ne5 a6 8. f4 Ne4 9. Qf3 Nd6 10. 0-0 g6 11. Qh3 Bg7 12. a4 c4 13. Bb1 Nd7 14. b3 cxb3 15. Ra3 Nxe5 16. fxe5 Nc4 17. Rxb3 Nxd2 18. Bxd2 Bc6 19. Ra3 0-0 20. Be1 Qd7 21. Bc2 f6 22. exf6 Bxf6 23. Bd1 b5 24. a5 e5 25. Bg4 Qe7 26. Ra2 Bg5 27. Raf2 Kg7 28. Be6 Rxf2 29. Rxf2 Bxe3 30. Qxe3 Qxe6 31. dxe5 Re8 32. Re2 h6 33. Bh4 g5 34. Bg3 Rf8 35. h4 Kg6 36. Qc5 Rf7 37. Rf2 Rxf2 38. Bxf2 Kh5 39. hxg5 hxg5 40. Bd4 Bd7 41. Qf8 Be8 42. Qh8+ Kg6 43. Kh2 Qf7 44. Kg1 Bd7 45. Qa8 Qe6 46. Qf8 Qf5 47. Qg8+ Kh5 48. Qh8+ Kg6 49. Qg8+ Kh5 50. Qxd5 Be6 51. Qd8 Kg4 52. Qh8 Qd3 53. Qf6 Bc4 54. Qf2 Qe4 55. Kh2 Qf4+ 56. Qxf4+ Kxf4 57. g3+ Ke4 58. Bc5 Kxe5 59. Kg2 Ke4 60. Kf2 Kd3 61. Bb4 Bd5 62. g4 Bb3 63. Kg3 Bd1 64. Kh3 Be2 1/2-1/2

[Event "Copenhagen-ch"]
[Site "Copenhagen"]
[Date "2007.??.??"]
[Round "1"]
[White "Madsen, Poul Henrik"]
[Black "Vedelfort, Tommy"]
[Result "1-0"]
[WhiteElo "2137"]
[BlackElo "1930"]
[PlyCount "65"]
[EventDate "2007.10.13"]
[EventType "swiss"]
[EventRounds "9"]
[EventCountry "DEN"]
[SourceTitle "EXT 2018"]
[Source "ChessBase"]
[SourceDate "2017.10.13"]
[SourceVersion "1"]
[SourceVersionDate "2017.10.13"]
[SourceQuality "1"]

1. d4 Nf6 2. Nf3 d6 3. Bg5 Nbd7 4. Nc3 e5 5. e4 Be7 6. Bc4 0-0 7. 0-0 a6 8. a4 exd4 9. Nxd4 Nc5 10. b4 Ne6 11. Be3 Nxd4 12. Bxd4 Be6 13. Bd3 Nd7 14. f4 Bf6 15. Ne2 Bg4 16. Qd2 Bxd4+ 17. Nxd4 Qf6 18. Nb3 b6 19. f5 Qh4 20. h3 Bxh3 21. gxh3 Qxh3 22. Qg2 Qe3+ 23. Kh1 Ne5 24. Rae1 Qh6+ 25. Qh2 Qf6 26. Nd2 Rfe8 27. Rg1 Kf8 28. Re3 Ke7 29. Nf3 h5 30. Nxe5 dxe5 31. Qg3 Qd6 32. Qg5+ Kd7 33. Bb5+ 1-0

[Event "Copenhagen-ch"]
[Site "Copenhagen"]
[Date "2007.??.??"]
[Round "2"]
[White "Mikkelsen, Jakob"]
[Black "Madsen, Poul Henrik"]
[Result "0-1"]
[WhiteElo "2037"]
[BlackElo "2137"]
[PlyCount "130"]
[EventDate "2007.10.13"]
[EventType "swiss"]
[EventRounds "9"]
[EventCountry "DEN"]
[SourceTitle "EXT 2018"]
[Source "ChessBase"]
[SourceDate "2017.10.13"]
[SourceVersion "1"]
[SourceVersionDate "2017.10.13"]
[SourceQuality "1"]

1. f4 d5 2. Nf3 Nf6 3. e3 g6 4. d4 Bg7 5. Bd3 0-0 6. 0-0 c5 7. c3 c4 8. Bc2 Bf5 9. Ne5 Bxc2 10. Qxc2 Ne4 11. Nxc4 Nc6 12. Ncd2 Nd6 13. e4 dxe4 14. Nxe4 Rc8 15. Qd3 Bxd4+ 16. cxd4 Nb4 17. Qe2 Nc2 18. Nbc3 Nxa1 19. Nxd6 Qxd6 20. Be3 b5 21. Rxa1 b4 22. Ne4 Qd5 23. Nc5 Rc6 24. b3 g5 25. Qf3 Qxf3 26. gxf3 gxf4 27. Bxf4 Rd8 28. Be3 e5 29. dxe5 Rd5 30. Rc1 Rxe5 31. Kf2 f5 32. Nd3 Rxc1 33. Bxc1 Rb5 34. Ke3 Kf7 35. Kd4 a5 36. Ne5+ Ke6 37. Nd3 Rb8 38. Nc5+ Ke7 39. Bf4 Rg8 40. Nb7 Ra8 41. Kc4 Rc8+ 42. Kb5 Rc3 43. Kxa5 Rxf3 44. Bd6+ Kd7 45. Bxb4 f4 46. Nc5+ Kc6 47. Ne6 Rf2 48. a4 Kd5 49. Nc5 Rxh2 50. Kb6 f3 51. Nd3 f2 52. Nxf2 Rxf2 53. Bc5 Rf6+ 54. Kb5 h5 55. a5 h4 56. a6 Rxa6 57. Bg1 Rg6 58. Bh2 Rg2 59. Bc7 Rc2 60. Bf4 h3 61. b4 h2 62. Bxh2 Rxh2 63. Kb6 Kc4 64. b5 Rh6+ 65. Ka5 Rh5 0-1

[Event "Copenhagen-ch Obro 70th"]
[Site "Copenhagen"]
[Date "2006.10.19"]
[Round "6"]
[White "Akdag, Dara Sevkan"]
[Black "Madsen, Poul Henrik"]
[Result "1/2-1/2"]
[WhiteElo "1989"]
[BlackElo "2116"]
[PlyCount "88"]
[EventDate "2006.10.14"]
[EventType "swiss"]
[EventRounds "9"]
[EventCountry "DEN"]
[SourceTitle "EXT 2007"]
[Source "ChessBase"]
[SourceDate "2006.11.23"]
[SourceVersion "1"]
[SourceVersionDate "2006.11.23"]
[SourceQuality "1"]

1. d4 d5 2. c4 c6 3. Nc3 e6 4. Bf4 Nf6 5. e3 Bd6 6. Bg3 Bxg3 7. hxg3 Nbd7 8. Nf3 Qa5 9. Nd2 0-0 10. Bd3 g6 11. Qf3 dxc4 12. Bxc4 Qf5 13. Qe2 e5 14. e4 Qg4 15. Nf3 exd4 16. Rh4 dxc3 17. Rxg4 cxb2 18. Rxg6+ hxg6 19. Qxb2 b5 20. Bb3 Nxe4 21. Ne5 Nxe5 22. Qxe5 Bg4 23. Bxf7+ Kxf7 24. Qf4+ Nf6 25. f3 Be6 26. g4 Kg7 27. Qd4 Rad8 28. Qxa7+ Rd7 29. Qc5 Bc4 30. g5 Re8+ 31. Kf2 Re2+ 32. Kg1 Nh5 33. Qxc6 Rdd2 34. Qc7+ Bf7 35. Qh2 Rxg2+ 36. Qxg2 Rxg2+ 37. Kxg2 Nf4+ 38. Kg3 Ne2+ 39. Kf2 Nc3 40. a3 Bc4 41. Rc1 Na4 42. Rd1 Nc5 43. Ke3 Kf7 44. Rd6 Ne6 1/2-1/2